000 01022nam a2200301 a 4500
008
020 _a9780128183991 (Paperback)
040 _aNUST
_cNUST
049 _aMAIN
090 _aQA76.9
_bSHE
100 1 _aSherman, William R.
245 1 0 _aUnderstanding virtual reality:
_b interface, application, and design /
_c William R. Sherman and Alan B. Craig.
260 _aCambridge:
_bMorgan Kaufmann,
_c2019
300 _axxix, 908 pages :
_bcoloured illustrations :
_c24cm
336 _atext
_btxt
_2rdacontent
337 _aumediated
_bn
_2rdamedia
338 _avolume
_bnc
_2rdacarrier
440 _aThe Morgan Kaufmann Series in Computer Graphics
500 _aIncludes index.
504 _aIncludes bibliographical references.
650 1 _aHuman Computer Interaction
650 _aVirtual work teams
_xmanagement
700 _aCraig, Alan B.
907 _a.b10400527
_b07-04-21
_c07-04-21
003
005 20230123141149.0
942 _cBOOKS
_kQA76.9
_mSHE
999 _c168773
_d168773